000
00234nam a22001217a 4500
041
_a
ENG
100
_a
Rangwala
245
_a
Town Planning
260
_a
Anand
_b
Charotar PUB
_c
1996
300
_a
295
650
_a
GAE
856
_u
GAE
999
_c
599
_d
599